| 000 | 00655nam a2200217 a 4500 | ||
|---|---|---|---|
| 005 | 20240924071509.0 | ||
| 008 | 030328s2001 mx r 000 0 spa d | ||
| 020 | _a8483164191 | ||
| 035 | _aUPN01000123417 | ||
| 049 | _aCG | ||
| 050 | 4 |
_aLB1707 _bM4.3 |
|
| 100 | 1 | _aMeilán García, María José | |
| 245 | 1 | 0 |
_aCómo ser eficaces en la escuela : _benseñanzas prácticas de la experiencia / _cMa. José Meilán García. |
| 260 |
_aMadrid : _bCCS, _cc2001. |
||
| 300 | _a196 p. | ||
| 440 | 0 |
_aEducar ; _v17 |
|
| 650 | 4 |
_aMaestros _xFormación profesional _9804 |
|
| 650 | 4 |
_aPrácticas de la enseñanza _92849 |
|
| 905 | _aLibro | ||
| 999 |
_c95597 _d95597 |
||